Statistics for Super Smash Bros. Ultimate - Lumirank 2023

Click here to take the quiz!

General Stats

  • This quiz has been taken 74 times
  • The average score is 109 of 166

Answer Stats

RankCharacterCountryAnswer% Correct
1Steve, Pyra & Mythra, KazuyaJapanacola
95%
5WarioFranceGlutonny
95%
16Sonic, SephirothJapanKEN
95%
6FoxUSALight
95%
23Mr. Game & WatchMexicoMaister
95%
24Zero Suit SamusUSAMarss
95%
11Joker, Pyra & Mythra, Byleth, R.O.B., Corrin, Meta Knight, MarthMexicoMkLeo
95%
9Kazuya, TerryCanadaRiddles
95%
10Pyra & Mythra, OlimarJapanShuton
95%
3SonicDRSonix
95%
2Cloud, Pyra & Mythra, Corrin, Byleth, LucinaMexicoSparg0
95%
7Diddy Kong, SephirothUSATweek
95%
8YoshiJapanYoshidora
95%
31Snake, SteveUSAApolloKage
90%
45Ice ClimbersCanadaBig D
90%
14Rosalina, Olimar, Min MinUSADabuz
90%
13Sora, Megaman, Mii Brawler, SheikJapanKameme
90%
4Mr. Game & Watch, Steve, IncineroarJapanMiya
90%
20Peach, Palutena, BayonettaUSAMuteAce
90%
21Samus, Dark Samus, IncineroarSpainSisqui
90%
32IncineroarMexicoSkyjay
90%
22Pit, Dark Pit, R.O.B., JokerJapanzackray
90%
50Diddy KongUSAAaron
86%
17Ryu, KenJapanAsimo
86%
28Bayonetta, RandomUKBloom4Eva
86%
76Pyra & Mythra, Inkling, Corrin, JokerUSACosmos
86%
27NessJapanGackt
86%
25MarioUSAKurama
86%
89Lucina, ChromFranceLeon
86%
136BowserUSALeoN
86%
29BayonettaUSALima
86%
64LuigiCanadaLuugi
86%
51R.O.B.MexicoMKBigBoss
86%
30CorrinJapanNeo
86%
43SteveUSAOnin
86%
68WolfCanadaOuch!?
86%
44CorrinUSASHADIC
86%
34PikachuGuatemalaShinyMark
86%
55Greninja, KazuyaGermanyTarik
86%
12Pac-Man, KazuyaJapanTea
86%
61FalcoUSATilde
86%
15R.O.B.USAZomba
86%
121Lucario, Pyra & MythraCanadaArmadillo
81%
52Wolf, Pokémon TrainerJapanAtelier
81%
80JigglypuffUSABassMage
81%
70Mii GunnerDRCapitancito
81%
47BowserJapanHero
81%
19Snake, GreninjaJapanHurt
81%
26Captain FalconJapanJogibu
81%
36RoyUSAKola
81%
39Palutena, SamusFranceRaflow
81%
33DaisyJapanUmeki
81%
82SonicUSAWrath
81%
18Samus, Dark SamusJapanYaura
81%
81Terry, Ryu, Ken, KazuyaSpainAndresFn
76%
HM100SteveSwedenbig chungus
76%
67Palutena, Pyra & Mythra, SteveUSAChase
76%
41Min MinJapanDoramigi
76%
105RyuUSAIkan
76%
84WolfUSAJakal
76%
48ShulkJapanKome
76%
72Fox, Diddy KongJapanPaseriman
76%
56Pokémon TrainerUSAQuidd
76%
66Marth, Byleth, Mii Brawler, Cloud, Terry, Sephiroth, Wolf, RobinJapanRizeasu
76%
54Banjo & KazooieJapanToriguri
76%
113SheikUSAWebbJP
76%
58SnakeMexicoAlanDiss
71%
129Roy, KazuyaJapanalice
71%
HM100Steve, Pokémon Trainer, Pac-Man, Mr. Game & WatchUSADDee
71%
115Roy, Toon LinkFranceFlow
71%
144Dr. MarioMexicoJaZaR
71%
35FoxJapanKaninabe
71%
HM100YoshiMexicoMeme
71%
125RidleyFranceMezcaul
71%
100LucinaUSAMr. E
71%
127PichuFranceNaetorU
71%
116MegamanUSAPeabnut
71%
103SamusGermanyquiK
71%
111Sora, GreninjaMoroccoRaarchyor
71%
37Yoshi, Kirby, Dr. Mario, MarioJapanRon
71%
62Diddy KongJapanRyuoh
71%
128NessUSAScend
71%
110Pyra & Mythra, InklingNetherlandsSpace
71%
78R.O.B.USAAnathema
67%
79Hero, SephirothUSABeastModePaul
67%
59Sora, Roy, Donkey Kong, Mii Brawler, SteveJapanHIKARU
67%
101SamusUSAIcyMist
67%
86SteveUSAJake
67%
73Palutena, R.O.B.USALui$
67%
38FalcoJapanMASA
67%
HM150Sonic, Mii BrawlerUKPeli
67%
75Toon LinkJapanSigma
67%
HM150Ice ClimbersJapanSin
67%
71Mario, Pyra & MythraJapanSnow
67%
97Young LinkNetherlandsSupahsemmie
67%
104Steve, NessUSASyrup
67%
65KenJapantakera
67%
122Mr. Game & Watch, Meta Knight, Palutena, SamusJapanAbadango
62%
99Wario, SteveFrancecrêpe salée
62%
42SnakeJapanDIO
62%
63SheikJapanEim
62%
148RoyUSAGoblin
62%
40PalutenaJapanJagaimo
62%
57Toon LinkJapanLv.1
62%
90SnakeUSAMVD
62%
85Mario, Cloud, Dr. MarioJapanNao
62%
HM100Min Min, LucinaJapanProtoBanham
62%
91JigglypuffJapanSenra
62%
87InklingJapanShirayuki
62%
60Steve, Luigi, RoyJapanYamanaction
62%
92HeroJapanAkakikusu
57%
120Lucario, SonicJapanGachipi
57%
95Wario, King K. Rool, Ryu, Captain FalconJapanHuto
57%
131Pac-ManUSAJDV
57%
69FalcoJapanM0tsunabE
57%
49LuigiJapanRarukun
57%
96Inkling, Pokémon Trainer, SteveJapanshowers
57%
94BayonettaJapanTamaPDaifuku
57%
108Pichu, HeroJapanNietono
52%
83Olimar, Pokémon Trainer, BylethJapanNoi
52%
123Young LinkJapanSuinoko
52%
77SonicJapanTaikei
52%
142SteveUSADDog
48%
126BayonettaUSAGeist
48%
93KenUSAJahzz0
48%
114Captain FalconJapanKaraage
48%
88LuigiUSAKiyarash
48%
135Corrin, BylethJapanLy
48%
53WolfJapanMasha
48%
133Sheik, Sephiroth, SoraMexicoRox
48%
124SnakeJapanShogun
48%
118MarioUSASkinny the Pooh
48%
98R.O.B.Japansssr
48%
46JokerJapanTsubaki
48%
112LuigiMexicoWaKa
48%
119Diddy Kong, CloudJapanchicken
43%
74Peach, PalutenaJapanEik
43%
134Meta KnightJapanMetara
43%
149Wolf, Meta KnightUSAmoxi
43%
HM150Bayonetta, Sephiroth, SoraUKOwlBBs
43%
107MegamanJapanRepo
43%
137Captain FalconMexicoAndrik
38%
HM150CloudUSAenhancedpv
38%
109TerryJapanEzs
38%
140Joker, Sephiroth, Mewtwo, Pyra & MythraJapanGorioka
38%
117Chrom, Sora, RoyJapanLax
38%
102Min Min, SteveJapanOmuatsu
38%
141SamusJapanToura
38%
106Greninja, Roy, CloudJapanTsuna
38%
130SteveJapan33Peranbox
33%
138SnakeUSAChronos
33%
HM150SamusMexicoJoker
33%
143Min Min, Mii GunnerJapanOi, George
33%
139Donkey Kong, Falco, SteveJapanRarikkusu
33%
HM150Banjo & Kazooie, Kazuya, FalcoEl SalvadorWolfen
33%
HM150Rosalina, Daisy, Peach, BayonettaHondurasBigFred
29%
HM150Steve, Min Min, CorrinJapanCarmelo
29%
HM150Pac-ManPuerto RicoEKING
29%
150Ryu, KenJapanMunekin
29%
HM150Diddy KongUSARivers
29%
132Young LinkJapanElleGo
24%
HM150HeroJapanUsukeza
24%
146Duck HuntJapanJagabata
19%
145Kazuya, SteveJapanRaki
19%
147Byleth, SephirothJapanReno
19%
HM150Robin, BowserVenezuelamoroccoYo
14%

Score Distribution

Percentile by Number Answered

Percent of People with Each Score

Your Score History

You have not taken this quiz